| 000 | 02071nam0a2200385 4500 | ||
|---|---|---|---|
| 001 | RU\NLR\BIBL_A\022281221 | ||
| 005 | 20260408073753.0 | ||
| 035 | _a(NLR Aleph) 022281221 | ||
| 090 |
_a13223418 _c13223418 |
||
| 100 | _a20240719d2011 |||y0rusy50 ca | ||
| 101 | 0 |
_arus _akor |
|
| 102 | _aRU | ||
| 105 | _aa|||z|||100yy | ||
| 181 | 0 |
_ai _baxxe |
|
| 182 | 0 | _an | |
| 200 | 1 |
_aСовременное состояние культурного обмена между Республикой Корея и Россией и пути его улучшения _eдоклад [II Форума "Диалог Россия - Республика Корея", Санкт-Петербург, Россия] _fЛи Се Ун, доктор экономических наук (ун-т. Сонгюван, Сеул) |
|
| 203 |
_aТекст _bвизуальный _cнепосредственный |
||
| 210 |
_a[Санкт-Петербург _cСанкт-Петербургский государственный университет _d2011] |
||
| 215 |
_a24, 30 с. разд. паг. _cил., цв. ил. _d30 |
||
| 300 | _aТекст парал. рус., кор. | ||
| 309 | _aБез тит. л. Описано по обл. | ||
| 320 | _aБиблиогр. в подстроч. примеч. | ||
| 607 |
_aРоссийская Федерация _xКультурные связи _yКорея, Республика _92134013 _3RU\NLR\AUTH\661591281 |
||
| 607 |
_aКорея, Республика _xКультурные связи _yРоссийская Федерация _92134015 _3RU\NLR\AUTH\661591283 |
||
| 686 | 1 | _aТ3(2)74-63(5Ко) | |
| 686 | 1 | _aТ3(5Ко)63-63(2) | |
| 700 | 0 | _aЛи Се Ун | |
| 711 | 1 | 2 |
_a"Диалог: Россия - Республика Корея", форум _d2 _f2011 _eСанкт-Петербург _3RU\NLR\AUTH\8810216779 _9319437 |
| 852 |
_aNLR _bОЛСАА-кор _j5-261 |
||
| 942 | _cBOOK | ||
| 980 | _aNB | ||